Statistics for Countries David Garrett has Visited

Click here to take the quiz!

General Stats

  • This quiz has been taken 11 times
    (5 since last reset)
  • The average score is 16 of 22

Answer Stats

ContinentCountry% Correct
South AmericaArgentina
100%
EuropeAustria
100%
EuropeBelarus
100%
South AmericaBrazil
100%
North AmericaCanada
100%
South AmericaChile
100%
EuropeFrance
100%
North AmericaMexico
100%
OceaniaNew Zealand
100%
Asia/ EuropeRussia
100%
EuropeUkraine
100%
North AmericaUnited States of America
100%
EuropeBulgaria
50%
EuropeDenmark
50%
EuropeEstonia
50%
EuropeGermany
50%
EuropeLatvia
50%
EuropeLuxembourg
50%
EuropePoland
50%
EuropeSwitzerland
50%
AsiaIsrael
0%
EuropeItaly
0%

Score Distribution

Percentile by Number Answered

Percent of People with Each Score

Your Score History

You have not taken this quiz since the last reset